[Event "American Continental 08th"]
[Site "Mar del Plata"]
[Date "2012.10.16"]
[Round "6"]
[White "Brizzi, Victor Emmanuel"]
[Black "Mellano, Santiago"]
[Result "1/2-1/2"]
[WhiteElo "1930"]
[BlackElo "2242"]
[PlyCount "77"]
[EventDate "2012.10.12"]
[EventType "swiss"]
[EventRounds "11"]
[EventCountry "ARG"]
[SourceTitle "EXT 2013"]
[Source "ChessBase"]
[SourceDate "2012.11.22"]
[SourceVersion "1"]
[SourceVersionDate "2012.11.22"]
[SourceQuality "1"]

1. e4 d6 2. f4 g6 3. Nf3 Bg7 4. Nc3 c6 5. Bc4 Nf6 6. e5 dxe5 7. fxe5 Nd5 8. Nxd5 cxd5 9. Bb5+ Nc6 10. a4 Qb6 11. d4 a6 12. Be2 Bg4 13. c3 Bxf3 14. Bxf3 e6 15. Qe2 Na5 16. 0-0 Nc4 17. Qf2 0-0 18. Rb1 Na3 19. Ra1 Nc4 20. Bd1 f6 21. exf6 Rxf6 22. Qe1 Rxf1+ 23. Qxf1 Rf8 24. Qe1 e5 25. b3 exd4 26. bxc4 dxc3+ 27. Be3 d4 28. Bf2 Qb2 29. Bf3 c2 30. Rc1 d3 31. Be3 Re8 32. Kh1 Bh6 33. Bd5+ Kg7 34. Bxh6+ Kxh6 35. Qd2+ Kg7 36. Rf1 Rf8 37. Re1 Re8 38. Rf1 Rf8 39. Re1 1/2-1/2

[Event "Dos Hermanas Internet qual-C 10th"]
[Site "ICC INT"]
[Date "2009.03.14"]
[Round "5"]
[White "Mellano, Santiago"]
[Black "Bromann, Thorbjorn"]
[Result "0-1"]
[WhiteElo "2222"]
[BlackElo "2418"]
[PlyCount "78"]
[EventDate "2009.03.14"]
[EventType "swiss (blitz)"]
[EventRounds "12"]
[EventCountry "ESP"]
[SourceTitle "CBM 129 Extra"]
[Source "ChessBase"]
[SourceDate "2009.05.05"]
[SourceVersion "2"]
[SourceVersionDate "2009.05.20"]
[SourceQuality "1"]

1. d4 c5 2. e3 Nf6 3. Nf3 g6 4. dxc5 Na6 5. Bxa6 Qa5+ 6. Bd2 Qxa6 7. Bc3 Bg7 8. Nbd2 0-0 9. Nb3 b6 10. Qd3 Qa4 11. cxb6 axb6 12. Qd4 Qb5 13. Qd3 Qh5 14. Qd4 Bb7 15. Qf4 Nd5 16. Qe4 f5 17. Qh4 Qxh4 18. Nxh4 Nxc3 19. bxc3 Bxc3+ 20. Ke2 Bxa1 21. Rxa1 Rfc8 22. Kd2 Be4 23. c3 Rc4 24. Nf3 Rca4 25. Nc1 Bxf3 26. gxf3 Rh4 27. Ke2 Rxh2 28. Nb3 e5 29. Nd2 Kf7 30. Nc4 Ke6 31. Nxb6 Ra3 32. c4 d6 33. Nd5 Ra4 34. Nb6 Rb4 35. Nc8 Rb8 36. Na7 Rb2+ 37. Kd3 Rhxf2 38. a4 Ra2 39. Rxa2 Rxa2 0-1

[Event "Dos Hermanas Internet qual-C 10th"]
[Site "ICC INT"]
[Date "2009.03.14"]
[Round "7"]
[White "Mellano, Santiago"]
[Black "Ubiennykh, Ekaterina"]
[Result "0-1"]
[WhiteElo "2222"]
[BlackElo "2285"]
[PlyCount "112"]
[EventDate "2009.03.14"]
[EventType "swiss (blitz)"]
[EventRounds "12"]
[EventCountry "ESP"]
[SourceTitle "CBM 129 Extra"]
[Source "ChessBase"]
[SourceDate "2009.05.05"]
[SourceVersion "2"]
[SourceVersionDate "2009.05.20"]
[SourceQuality "1"]

1. d4 d5 2. Nf3 c6 3. c4 Nf6 4. Nc3 dxc4 5. a4 Bf5 6. e3 e6 7. a5 Bb4 8. Qa4 Nd5 9. Bxc4 Bxc3+ 10. bxc3 Nxc3 11. Qb3 Nb5 12. Bxb5 cxb5 13. Qxb5+ Qd7 14. Qb3 Nc6 15. 0-0 0-0 16. Ba3 Rfc8 17. Qa4 Rc7 18. a6 bxa6 19. Qxa6 e5 20. Bc5 exd4 21. Nxd4 Nxd4 22. Bxd4 Be4 23. f3 Bb7 24. Qa5 Rc2 25. Qg5 f5 26. Rab1 a5 27. Rb5 Ba6 28. Re5 Bxf1 29. Re7 Rxg2+ 30. Qxg2 Bxg2 31. Rxd7 Bxf3 32. Rxg7+ Kf8 33. Rxh7 Bd5 34. Rh8+ Bg8 35. Rh6 a4 36. Rf6+ Ke7 37. Rxf5 a3 38. Rf2 a2 39. Rf1 Rb8 40. Kf2 Ke6 41. Ba1 Kd5 42. Kg3 Ke4 43. Bd4 Rb1 44. Kf2 Kd3 45. Re1 Bf7 46. Bg7 Bg6 47. Be5 Kc4 48. Bd4 Rb3 49. Ra1 Bb1 50. Bf6 Kd3 51. Bd4 Ke4 52. h3 Rd3 53. h4 Rd2+ 54. Kg3 Rd1 55. h5 Rh1 56. Kg4 Rg1+ 0-1

[Event "Dos Hermanas Internet qual-C 10th"]
[Site "ICC INT"]
[Date "2009.03.14"]
[Round "4"]
[White "Vijayalakshmi, Subbaraman"]
[Black "Mellano, Santiago"]
[Result "1/2-1/2"]
[WhiteElo "2464"]
[BlackElo "2222"]
[PlyCount "157"]
[EventDate "2009.03.14"]
[EventType "swiss (blitz)"]
[EventRounds "12"]
[EventCountry "ESP"]
[SourceTitle "CBM 129 Extra"]
[Source "ChessBase"]
[SourceDate "2009.05.05"]
[SourceVersion "2"]
[SourceVersionDate "2009.05.20"]
[SourceQuality "1"]

1. d4 e6 2. c4 Nf6 3. Nc3 d5 4. cxd5 exd5 5. Bg5 c6 6. e3 Bf5 7. Qb3 Qb6 8. Bxf6 Qxb3 9. axb3 gxf6 10. Nf3 a5 11. Kd2 Bb4 12. Bd3 Bg6 13. h4 Nd7 14. h5 Bxd3 15. Kxd3 Nb6 16. g3 Nc8 17. Ne2 Nd6 18. Nf4 Kd7 19. Nh4 h6 20. f3 Rhg8 21. g4 Rge8 22. Rhg1 Rg8 23. Ne2 Rae8 24. Ng3 b6 25. Ngf5 Nxf5 26. Nxf5 Rh8 27. Rg2 Re6 28. Rh1 Rh7 29. f4 Bd6 30. Rf1 Re8 31. g5 hxg5 32. fxg5 Rxh5 33. gxf6 Rf8 34. Rg7 Rh2 35. Kc3 Bb4+ 36. Kd3 Rxb2 37. e4 Rxb3+ 38. Kc2 Rc3+ 39. Kb2 dxe4 40. Nh6 Ke6 41. Re1 e3 42. Ng4 Rb3+ 43. Kxb3 Bxe1 44. Rg5 Bd2 45. Re5+ Kd6 46. Nxe3 Bxe3 47. Rxe3 b5 48. Re7 a4+ 49. Kb4 Kd5 50. Rd7+ Ke6 51. Rc7 Kxf6 52. Rxc6+ Kf5 53. Kxb5 Ra8 54. Rc2 a3 55. Ra2 Ke4 56. Kc5 Rc8+ 57. Kb4 Rb8+ 58. Kc4 Rc8+ 59. Kb3 Rb8+ 60. Kc4 Rc8+ 61. Kb5 Rb8+ 62. Kc6 Rc8+ 63. Kb6 Rb8+ 64. Kc7 Rb3 65. d5 Kxd5 66. Kd7 Kc4 67. Ke7 Kb4 68. Kxf7 Rb2 69. Ra1 Kb3 70. Ke6 a2 71. Kd5 Rb1 72. Rxa2 Kxa2 73. Kd4 Rb3 74. Kd5 Ka3 75. Kd6 Rb5 76. Kc6 Ka4 77. Kd6 Ka5 78. Ke6 Kb4 79. Kd6 1/2-1/2

[Event "LNA Puma Cup"]
[Site "Argentina"]
[Date "2006.09.16"]
[Round "3"]
[White "Meza, Hugo"]
[Black "Mellano, Santiago"]
[Result "1/2-1/2"]
[WhiteElo "2139"]
[BlackElo "2214"]
[PlyCount "97"]
[EventDate "2006.09.03"]
[EventType "swiss"]
[EventRounds "8"]
[EventCountry "ARG"]
[SourceTitle "EXT 2008"]
[Source "ChessBase"]
[SourceDate "2007.11.25"]
[SourceVersion "1"]
[SourceVersionDate "2007.11.25"]
[SourceQuality "1"]

1. d4 e6 2. c4 Nf6 3. Nc3 Bb4 4. e3 c5 5. Nge2 d5 6. a3 Bxc3+ 7. Nxc3 cxd4 8. exd4 dxc4 9. Bxc4 Nc6 10. Be3 0-0 11. Bd3 e5 12. d5 Nd4 13. 0-0 Nxd5 14. Bxd4 exd4 15. Bxh7+ Kxh7 16. Qh5+ Kg8 17. Nxd5 Be6 18. Nf4 Qf6 19. Nxe6 fxe6 20. Rad1 Rac8 21. Rd3 e5 22. Rf3 Qe6 23. Rh3 Rf5 24. Qh7+ Kf7 25. Rh6 Rf6 26. Rxf6+ Kxf6 27. Qe4 Qc6 28. Qh4+ Kg6 29. f4 exf4 30. Qxf4 Qc5 31. b4 Qc3 32. Qf5+ Kh6 33. g4 g6 34. Qf4+ Kg7 35. Qf6+ Kh6 36. Qh4+ Kg7 37. Qe7+ Kh6 38. g5+ Kh5 39. Qh7+ Kg4 40. h3+ Kg3 41. Qxb7 Rc6 42. Qb8+ Rc7 43. Qa8 Rc6 44. Kh1 Kh4 45. Qh8+ Kxg5 46. h4+ Kg4 47. Rg1+ Kh3 48. Qf8 Qe3 49. Qf1+ 1/2-1/2

[Event "Magistral las Dunas op 5th"]
[Site "Punta del Este"]
[Date "2001.??.??"]
[Round "1"]
[White "Barla, Rafael"]
[Black "Mellano, Santiago"]
[Result "0-1"]
[WhiteElo "2114"]
[BlackElo "2231"]
[PlyCount "60"]
[EventDate "2001.10.22"]
[EventType "swiss"]
[EventRounds "9"]
[EventCountry "URU"]
[SourceTitle "CBM 085 Extra"]
[Source "ChessBase"]
[SourceDate "2002.01.21"]
[SourceVersion "1"]
[SourceVersionDate "2002.01.21"]
[SourceQuality "1"]

1. Nf3 Nf6 2. g3 d5 3. Bg2 g6 4. 0-0 Bg7 5. d3 0-0 6. Nbd2 Nc6 7. c4 e5 8. cxd5 Nxd5 9. Nc4 a5 10. Bg5 f6 11. Bd2 Be6 12. Ne3 Qd7 13. Nxd5 Bxd5 14. Be3 f5 15. Bc5 Rfd8 16. Qc2 Bf6 17. e4 Be6 18. Rfd1 a4 19. Ne1 Qf7 20. exf5 gxf5 21. d4 e4 22. Bf1 Nxd4 23. Bxd4 Bxd4 24. Ng2 a3 25. Nf4 axb2 26. Rab1 Bxa2 27. Rxd4 Rxd4 28. Rxb2 Bc4 29. Bxc4 Qxc4 30. Qb1 Rad8 0-1

[Event "Magistral las Dunas op 5th"]
[Site "Punta del Este"]
[Date "2001.??.??"]
[Round "8"]
[White "Crosa Coll, Martin"]
[Black "Mellano, Santiago"]
[Result "1-0"]
[WhiteElo "2308"]
[BlackElo "2231"]
[PlyCount "99"]
[EventDate "2001.10.22"]
[EventType "swiss"]
[EventRounds "9"]
[EventCountry "URU"]
[SourceTitle "CBM 085 Extra"]
[Source "ChessBase"]
[SourceDate "2002.01.21"]
[SourceVersion "1"]
[SourceVersionDate "2002.01.21"]
[SourceQuality "1"]

1. e4 e6 2. d4 d5 3. e5 c5 4. Nf3 Nc6 5. Bd3 cxd4 6. 0-0 Bc5 7. a3 Bb6 8. Re1 f5 9. b4 a6 10. Nbd2 Nge7 11. Nb3 0-0 12. Bb2 Bd7 13. Qd2 Rc8 14. a4 a5 15. b5 Nb4 16. Bxd4 Bxd4 17. Nbxd4 Nxd3 18. cxd3 Qb6 19. Rac1 Qa7 20. Rxc8 Rxc8 21. Rc1 h6 22. Rxc8+ Nxc8 23. Qc3 b6 24. Nc6 Qb7 25. Nd8 Qb8 26. Nc6 Qb7 27. Nfd4 Bxc6 28. bxc6 Qe7 29. c7 Qb4 30. Qxb4 axb4 31. Kf1 Kf7 32. Ke2 Ke7 33. Kd2 Kd7 34. Kc2 Na7 35. Kb3 g5 36. Kxb4 f4 37. a5 bxa5+ 38. Kxa5 Kxc7 39. Nb5+ Kb7 40. Nxa7 Kxa7 41. Kb5 Kb7 42. Kc5 Kc7 43. f3 Kd7 44. Kb6 h5 45. h3 g4 46. hxg4 hxg4 47. fxg4 Ke7 48. Kc6 Kf7 49. Kd6 d4 50. Kd7 1-0

[Event "Magistral las Dunas op 5th"]
[Site "Punta del Este"]
[Date "2001.??.??"]
[Round "4"]
[White "Mellano, Santiago"]
[Black "Alvarez, Roberto Gabriel"]
[Result "1-0"]
[WhiteElo "2231"]
[BlackElo "2150"]
[PlyCount "105"]
[EventDate "2001.10.22"]
[EventType "swiss"]
[EventRounds "9"]
[EventCountry "URU"]
[SourceTitle "CBM 085 Extra"]
[Source "ChessBase"]
[SourceDate "2002.01.21"]
[SourceVersion "1"]
[SourceVersionDate "2002.01.21"]
[SourceQuality "1"]

1. Nf3 Nf6 2. d4 e6 3. g3 b6 4. Bg2 Bb7 5. c4 d5 6. Ne5 Be7 7. 0-0 0-0 8. Nc3 Qc8 9. cxd5 Nxd5 10. Nxd5 Bxd5 11. e4 Bb7 12. Qa4 f6 13. Nc4 Rd8 14. Rd1 Bc6 15. Qb3 Kh8 16. Bf4 g5 17. Be3 Qa6 18. Qc3 b5 19. Nd2 b4 20. Qc2 Nd7 21. Nc4 Bb5 22. b3 Rac8 23. f4 h6 24. Qe2 Kg7 25. h4 g4 26. Qxg4+ Kh7 27. Qh5 Rg8 28. Kh2 Bf8 29. Qe2 Nb6 30. Rac1 Be8 31. Bf3 Bf7 32. Qc2 Nd7 33. h5 Qb5 34. e5+ f5 35. g4 Kh8 36. gxf5 Be7 37. f6 Bxf6 38. exf6 Bxh5 39. Qe2 Bxf3 40. Qxf3 Nxf6 41. Ne5 Qe8 42. Rg1 Nd5 43. Qh3 Kh7 44. Rxg8 Qxg8 45. Rg1 Qf8 46. Qxe6 Nxf4 47. Qd7+ Kh8 48. Nf7+ Kh7 49. Ng5+ Kg6 50. Qh7+ Kh5 51. Nf7 Re8 52. Qf5+ Kh4 53. Qg4# 1-0

[Event "Magistral las Dunas op 5th"]
[Site "Punta del Este"]
[Date "2001.??.??"]
[Round "9"]
[White "Mellano, Santiago"]
[Black "Belistri, Ubaldo"]
[Result "1-0"]
[WhiteElo "2231"]
[BlackElo "2075"]
[PlyCount "39"]
[EventDate "2001.10.22"]
[EventType "swiss"]
[EventRounds "9"]
[EventCountry "URU"]
[SourceTitle "CBM 085 Extra"]
[Source "ChessBase"]
[SourceDate "2002.01.21"]
[SourceVersion "1"]
[SourceVersionDate "2002.01.21"]
[SourceQuality "1"]

1. d4 Nf6 2. c4 c5 3. d5 d6 4. Nc3 g6 5. e4 Bg7 6. f4 a6 7. Nf3 e6 8. Be2 exd5 9. cxd5 b5 10. e5 dxe5 11. fxe5 Nfd7 12. Bg5 Qa5 13. 0-0 Nxe5 14. Nxe5 Bxe5 15. d6 Bd4+ 16. Kh1 0-0 17. Nd5 Nd7 18. Bf3 Rb8 19. Ne7+ Kh8 20. Bc6 1-0

[Event "Magistral las Dunas op 5th"]
[Site "Punta del Este"]
[Date "2001.??.??"]
[Round "5"]
[White "Peralta, Fernando"]
[Black "Mellano, Santiago"]
[Result "1-0"]
[WhiteElo "2472"]
[BlackElo "2231"]
[PlyCount "67"]
[EventDate "2001.10.22"]
[EventType "swiss"]
[EventRounds "9"]
[EventCountry "URU"]
[SourceTitle "CBM 085 Extra"]
[Source "ChessBase"]
[SourceDate "2002.01.21"]
[SourceVersion "1"]
[SourceVersionDate "2002.01.21"]
[SourceQuality "1"]

1. Nf3 Nf6 2. c4 e6 3. e3 b6 4. b3 Bb7 5. Bb2 Be7 6. Nc3 0-0 7. d4 d5 8. Bd3 c5 9. 0-0 cxd4 10. exd4 Nc6 11. Qe2 Nb4 12. Bb1 dxc4 13. bxc4 Bxf3 14. gxf3 Nh5 15. a3 Na6 16. Qe4 g6 17. Ne2 Bf6 18. Ba2 Qd7 19. Rad1 Bg7 20. Ng3 Nxg3 21. hxg3 b5 22. c5 Nc7 23. Rfe1 Rfd8 24. Kg2 Nd5 25. Rh1 a5 26. g4 b4 27. g5 b3 28. Bb1 Qe7 29. Qg4 f5 30. gxf6 Qxf6 31. Bc1 Nc3 32. Bg5 Rxd4 33. Rxd4 Qxd4 34. Qxe6+ 1-0

[Event "Villa Ballester op 51st"]
[Site "Villa Ballester"]
[Date "2001.??.??"]
[Round "6"]
[White "Quiroga, Facundo"]
[Black "Mellano, Santiago"]
[Result "1-0"]
[WhiteElo "2390"]
[BlackElo "2240"]
[PlyCount "111"]
[EventDate "2001.01.02"]
[EventType "swiss"]
[EventRounds "9"]
[EventCountry "ARG"]
[SourceTitle "CBM 080 Extra"]
[Source "ChessBase"]
[SourceDate "2001.03.08"]
[SourceVersion "1"]
[SourceVersionDate "2001.03.08"]
[SourceQuality "1"]

1. d4 e6 2. e4 d5 3. Nd2 dxe4 4. Nxe4 Nd7 5. Nf3 Be7 6. Bd3 Ngf6 7. Be3 Nxe4 8. Bxe4 c5 9. 0-0 Nf6 10. Bd3 cxd4 11. Bxd4 0-0 12. Qe2 g6 13. Rfd1 Qc7 14. Qe5 Qxe5 15. Nxe5 Rd8 16. Be2 Ne4 17. Be3 f6 18. Rxd8+ Bxd8 19. Rd1 Bc7 20. Nd7 Kf7 21. Bf3 Nd6 22. Nc5 Ke7 23. b3 Bb6 24. g4 e5 25. h3 h5 26. c4 Rb8 27. Rd5 hxg4 28. hxg4 g5 29. Bc1 Bxc5 30. Rxc5 e4 31. Be2 Bd7 32. Ba3 Bc6 33. b4 Ke6 34. b5 Be8 35. Rd5 Rd8 36. Rd4 Bg6 37. c5 Nf7 38. Bc4+ Ke5 39. Bxf7 Rxd4 40. Bxg6 e3 41. fxe3 Rxg4+ 42. Kf2 Ra4 43. Bb2+ Kd5 44. Bd4 Rxa2+ 45. Kg3 Ra5 46. Bf7+ Ke4 47. c6 bxc6 48. bxc6 Ra6 49. Bh5 Kd3 50. Bf3 Ra2 51. Bd5 Rc2 52. Bxa7 f5 53. Bb6 Ke2 54. c7 Rc3 55. Bf3+ Kf1 56. Ba5 1-0

[Event "Buenos Aires FMDA-chT"]
[Site "Buenos Aires"]
[Date "1996.??.??"]
[Round "4"]
[White "Bulcourf, Carlos"]
[Black "Mellano, Santiago"]
[Result "1-0"]
[WhiteElo "2215"]
[BlackElo "2270"]
[PlyCount "33"]
[EventDate "1996.??.??"]
[EventType "team"]
[EventRounds "8"]
[EventCountry "ARG"]
[SourceTitle "EXT 2001"]
[Source "ChessBase"]
[SourceDate "2000.11.22"]
[SourceVersion "1"]
[SourceVersionDate "2000.11.22"]
[SourceQuality "1"]

1. b4 Nf6 2. Bb2 e6 3. b5 b6 4. e3 Bb7 5. Nf3 Be7 6. Be2 0-0 7. 0-0 c5 8. c4 d5 9. Ne5 a6 10. a4 Nbd7 11. bxa6 Rxa6 12. Nxd7 Qxd7 13. cxd5 Qxd5 14. e4 Qxe4 15. Bf3 Qb4 16. Bxb7 Qxb2 17. Nc3 1-0

[Event "Buenos Aires FMDA-chT"]
[Site "Buenos Aires"]
[Date "1996.??.??"]
[Round "3"]
[White "Mellano, Santiago"]
[Black "Langier, Daniel"]
[Result "0-1"]
[WhiteElo "2270"]
[BlackElo "2410"]
[PlyCount "110"]
[EventDate "1996.??.??"]
[EventType "team"]
[EventRounds "8"]
[EventCountry "ARG"]
[SourceTitle "EXT 2001"]
[Source "ChessBase"]
[SourceDate "2000.11.22"]
[SourceVersion "1"]
[SourceVersionDate "2000.11.22"]
[SourceQuality "1"]

1. d4 f5 2. Nc3 Nf6 3. Bg5 d5 4. Bxf6 exf6 5. e3 Be6 6. Bd3 Qd7 7. Qf3 Nc6 8. Nh3 Nb4 9. Nf4 Nxd3+ 10. cxd3 c6 11. Nxe6 Qxe6 12. 0-0 Bd6 13. Rab1 0-0 14. b4 b5 15. e4 fxe4 16. dxe4 dxe4 17. Nxe4 Rad8 18. Nxd6 Rxd6 19. Qa3 Qd7 20. Qb3+ Kh8 21. Rbd1 Rd8 22. Rfe1 Rxd4 23. Rxd4 Qxd4 24. Qf7 h6 25. Qe7 Kh7 26. a3 Rd5 27. h3 a6 28. Qe3 Qxe3 29. Rxe3 Rd1+ 30. Kh2 Rc1 31. Re7 Rc3 32. Rc7 Kg6 33. g3 f5 34. h4 Kf6 35. h5 Kg5 36. Rxg7+ Kxh5 37. Rc7 Kg5 38. Kg2 f4 39. gxf4+ Kxf4 40. Rc8 Ke4 41. f3+ Kd5 42. Rd8+ Kc4 43. f4 Rxa3 44. Rd6 Kxb4 45. Rxc6 a5 46. Rxh6 Rc3 47. Ra6 Rc5 48. Kf3 a4 49. Ke4 a3 50. f5 Kb3 51. f6 Rc7 52. Kd5 a2 53. Kd6 Rh7 54. Kc5 b4 55. Ra8 Rf7 0-1

[Event "Mar del Plata op"]
[Site "Mar del Plata"]
[Date "1996.??.??"]
[Round "4"]
[White "Mellano, Santiago"]
[Black "Vasta, Eduardo"]
[Result "1/2-1/2"]
[WhiteElo "2270"]
[BlackElo "2400"]
[PlyCount "95"]
[EventDate "1996.??.??"]
[EventType "swiss"]
[EventRounds "9"]
[EventCountry "ARG"]
[SourceTitle "CBM 051 Extra"]
[Source "ChessBase"]
[SourceDate "1996.05.01"]
[SourceVersion "1"]
[SourceVersionDate "1996.05.01"]
[SourceQuality "1"]

1. d4 d5 2. c4 dxc4 3. e3 Nf6 4. Bxc4 Nc6 5. Nc3 a6 6. Nge2 e5 7. a3 exd4 8. exd4 Bd6 9. Bg5 h6 10. Bh4 Be7 11. 0-0 0-0 12. Qd3 Ne8 13. Bxe7 Nxe7 14. Rad1 Nd6 15. Ba2 Bf5 16. Qf3 Qd7 17. h3 Rae8 18. Nf4 Ng6 19. Nh5 Qd8 20. Ng3 Qg5 21. Nxf5 Qxf5 22. Qxf5 Nxf5 23. Rd2 Rd8 24. Rfd1 Nf4 25. Bb1 Nd6 26. Ba2 Rfe8 27. Kh2 Rd7 28. g3 Ne6 29. h4 Nf5 30. d5 Nf8 31. Kg2 Nd6 32. Rd4 Rde7 33. Bb1 Nd7 34. b4 Re1 35. Ba2 Kf8 36. Bb3 Rxd1 37. Rxd1 Ke7 38. Na4 Kd8 39. Nc5 Re2 40. Rd3 Ne5 41. Re3 Rxe3 42. fxe3 Kc8 43. a4 Kd8 44. Kf2 Ke7 45. e4 Kf6 46. Ke3 g5 47. hxg5+ hxg5 48. Kd4 1/2-1/2

[Event "Buenos Aires PRENAJ"]
[Site "Buenos Aires"]
[Date "1994.??.??"]
[Round "8"]
[White "Mellano, Santiago"]
[Black "Fraschini, Mariano"]
[Result "1/2-1/2"]
[WhiteElo "2300"]
[BlackElo "2385"]
[PlyCount "43"]
[EventDate "1994.??.??"]
[EventType "swiss"]
[EventRounds "11"]
[EventCountry "ARG"]
[SourceTitle "EXT 1997"]
[Source "ChessBase"]
[SourceDate "1996.11.15"]
[SourceVersion "1"]
[SourceVersionDate "1996.11.15"]
[SourceQuality "1"]

1. d4 f5 2. Nc3 d5 3. Bf4 c6 4. e3 Nf6 5. Bd3 e6 6. Nf3 Be7 7. 0-0 0-0 8. Ne2 Bd7 9. c4 Ne4 10. Qc2 Be8 11. Ne5 g5 12. Bg3 Nd7 13. Nxd7 Qxd7 14. Be5 Bg6 15. c5 Nf6 16. f3 Qd8 17. b4 Nd7 18. Bg3 Rc8 19. Rab1 a6 20. a4 Rf7 21. Rb3 Qf8 22. Qd2 1/2-1/2

[Event "Buenos Aires GP1"]
[Site "Buenos Aires"]
[Date "1994.??.??"]
[Round "6"]
[White "Mellano, Santiago"]
[Black "Lopepe, Pedro Antonio"]
[Result "1-0"]
[WhiteElo "2300"]
[BlackElo "2466"]
[PlyCount "93"]
[EventDate "1994.??.??"]
[EventType "swiss"]
[EventRounds "9"]
[EventCountry "ARG"]
[SourceTitle "EXT 1998"]
[Source "ChessBase"]
[SourceDate "1997.11.17"]
[SourceVersion "1"]
[SourceVersionDate "1997.11.17"]
[SourceQuality "1"]

1. Nf3 d5 2. d4 Nf6 3. c4 e6 4. g3 Bb4+ 5. Bd2 a5 6. Bg2 0-0 7. 0-0 dxc4 8. Bxb4 axb4 9. Ne5 Nc6 10. Nxc6 bxc6 11. Bxc6 Rb8 12. e3 Qd6 13. Qa4 Bd7 14. Bxd7 Nxd7 15. Nd2 Qd5 16. Qc2 Nb6 17. Rfc1 c5 18. dxc5 Qxc5 19. Nxc4 Rfc8 20. b3 Qh5 21. Qe4 Nd5 22. Kg2 Ra8 23. Qf3 Qg6 24. e4 Nf6 25. Re1 Rd8 26. Ne5 Qg5 27. Nxf7 Kxf7 28. e5 Qg4 29. exf6 Qxf3+ 30. Kxf3 gxf6 31. Re4 Rdb8 32. Rc1 Rxa2 33. Rc7+ Kg6 34. Rxe6 Rb2 35. Re3 Rd8 36. Kg2 Rbd2 37. Rc4 R2d4 38. Re4 Rxe4 39. Rxe4 Rb8 40. Rc4 Rb7 41. Kf3 Kf5 42. Rc5+ Ke6 43. Ke4 Kd6 44. Kd4 Ra7 45. Kc4 Ra2 46. Rf5 Ke6 47. Rf4 1-0

[Event "Buenos Aires Najdorf op"]
[Site "Buenos Aires"]
[Date "1993.??.??"]
[Round "9"]
[White "Benko, Francisco"]
[Black "Mellano, Santiago"]
[Result "0-1"]
[WhiteElo "2220"]
[BlackElo "2300"]
[PlyCount "82"]
[EventDate "1993.04.??"]
[EventType "swiss"]
[EventRounds "11"]
[EventCountry "ARG"]
[SourceTitle "TD"]
[Source "ChessBase"]
[SourceDate "1994.03.01"]
[SourceVersion "1"]
[SourceVersionDate "1994.03.01"]
[SourceQuality "1"]

1. Nf3 Nf6 2. d4 g6 3. c4 Bg7 4. Nc3 d6 5. Bg5 0-0 6. e3 c6 7. Bd3 Nbd7 8. Qc2 e5 9. 0-0-0 Qa5 10. Kb1 a6 11. d5 Nc5 12. Bxf6 Bxf6 13. Ne4 Nxe4 14. Bxe4 c5 15. Bd3 b5 16. Nd2 Bg7 17. h4 f5 18. e4 Bd7 19. f3 Rab8 20. h5 f4 21. Nb3 Qd8 22. Qf2 g5 23. h6 Bf6 24. Rc1 b4 25. Rcg1 a5 26. Nd2 Kh8 27. Bf1 Rg8 28. g3 Rg6 29. Rh5 g4 30. Rhh1 Qe7 31. Be2 Bg5 32. fxg4 fxg3 33. Qe1 Bf4 34. Nf1 Bxg4 35. Nxg3 Bxg3 36. Rxg3 Bxe2 37. Rxg6 Bd3+ 38. Kc1 hxg6 39. Qe3 Bxc4 40. h7 Rf8 41. Qh6 Qf6 0-1

[Event "Mar del Plata op"]
[Site "Mar del Plata"]
[Date "1993.??.??"]
[Round "7"]
[White "Farah, Rodolfo"]
[Black "Mellano, Santiago"]
[Result "1/2-1/2"]
[WhiteElo "2260"]
[BlackElo "2300"]
[PlyCount "33"]
[EventDate "1993.05.??"]
[EventType "swiss"]
[EventRounds "9"]
[EventCountry "ARG"]
[SourceTitle "EXT 1998"]
[Source "ChessBase"]
[SourceDate "1997.11.17"]
[SourceVersion "1"]
[SourceVersionDate "1997.11.17"]
[SourceQuality "1"]

1. e4 e6 2. d4 d5 3. Nc3 Bb4 4. e5 Ne7 5. a3 Bxc3+ 6. bxc3 c5 7. Qg4 Qc7 8. Qxg7 Rg8 9. Qxh7 cxd4 10. Ne2 Nbc6 11. h4 Bd7 12. Rh3 dxc3 13. Rxc3 d4 14. Nxd4 Qxe5+ 15. Ne2 Rh8 16. Qd3 Rxh4 17. f4 1/2-1/2

[Event "San Fernando op"]
[Site "San Fernando"]
[Date "1993.??.??"]
[Round "4"]
[White "Mellano, Santiago"]
[Black "Benko, Francisco"]
[Result "1-0"]
[WhiteElo "2300"]
[BlackElo "2220"]
[PlyCount "123"]
[EventDate "1993.??.??"]
[EventType "swiss"]
[EventRounds "7"]
[EventCountry "ARG"]
[SourceTitle "EXT 1998"]
[Source "ChessBase"]
[SourceDate "1997.11.17"]
[SourceVersion "1"]
[SourceVersionDate "1997.11.17"]
[SourceQuality "1"]

1. Nf3 d5 2. c4 c6 3. d4 Bf5 4. Qb3 Qb6 5. cxd5 Qxb3 6. axb3 cxd5 7. Nc3 e6 8. Nb5 Bb4+ 9. Bd2 Bxd2+ 10. Kxd2 Na6 11. Nd6+ Ke7 12. Nxb7 Rb8 13. Nd6 Nc7 14. Nxf5+ exf5 15. Rxa7 Kd6 16. Ne5 Nh6 17. e3 f6 18. Nd3 Rxb3 19. Be2 Rhb8 20. Rc1 R3b7 21. Rca1 Nf7 22. Rxb7 Rxb7 23. Kc2 Nd8 24. Nc5 Rb6 25. Kc3 Nc6 26. Ra4 Rb8 27. b4 g6 28. Na6 Nb5+ 29. Bxb5 Rxb5 30. Nc5 Rb8 31. Ra6 Kc7 32. Nd3 Rb6 33. Rxb6 Kxb6 34. Nf4 Ne7 35. Kb3 Kb5 36. Ne2 Nc8 37. Nc3+ Kc6 38. b5+ Kd6 39. Kb4 Ne7 40. Ka5 Kc7 41. Ka6 g5 42. b6+ Kd6 43. b7 Nc6 44. Kb6 f4 45. Nb5+ Kd7 46. exf4 gxf4 47. Kc5 Nb8 48. Kb6 h5 49. Nc7 Kd6 50. Na6 Nd7+ 51. Kb5 f3 52. g3 f5 53. b8Q+ Nxb8 54. Nxb8 f4 55. gxf4 Ke6 56. Kc5 Kf5 57. Kxd5 Kg4 58. Ke4 h4 59. Nd7 Kh3 60. Ne5 Kg2 61. Nxf3 h3 62. Ng5 1-0

[Event "Buenos Aires PRO op"]
[Site "Buenos Aires"]
[Date "1993.??.??"]
[Round "4"]
[White "Mellano, Santiago"]
[Black "Mendez, Ernesto"]
[Result "0-1"]
[WhiteElo "2300"]
[BlackElo "2390"]
[PlyCount "150"]
[EventDate "1993.??.??"]
[EventType "swiss"]
[EventRounds "7"]
[EventCountry "ARG"]
[SourceTitle "EXT 1998"]
[Source "ChessBase"]
[SourceDate "1997.11.17"]
[SourceVersion "1"]
[SourceVersionDate "1997.11.17"]
[SourceQuality "1"]

1. d4 Nf6 2. Nf3 d6 3. Bg5 Ne4 4. Bf4 c5 5. dxc5 Nxc5 6. Nbd2 Bf5 7. e3 Nc6 8. Be2 e5 9. Bg3 Be7 10. 0-0 0-0 11. Nb3 Na4 12. Bb5 Nb6 13. Bd3 Be6 14. e4 Rc8 15. c3 a6 16. Qe2 Na4 17. h3 Na5 18. Nxa5 Qxa5 19. c4 Nc5 20. b3 b5 21. cxb5 Nxd3 22. Qxd3 Rc3 23. Qd2 axb5 24. Bh4 f6 25. Rfd1 Rfc8 26. Ne1 Qb6 27. Kh2 Qc7 28. Bg3 Rd8 29. Qe2 Qc6 30. Rd2 d5 31. exd5 Rxd5 32. Rad1 Rxd2 33. Rxd2 h6 34. Nc2 Bc5 35. Rd8+ Kh7 36. Ne3 Bd4 37. Ng4 Bf5 38. Ne3 Bg6 39. Nd5 Rc5 40. Nb4 Qe4 41. Qd1 Qb1 42. Rxd4 Rc1 43. Qxc1 Qxc1 44. Rd7 Bf5 45. Rd8 Qc7 46. Rd5 Qa5 47. Nc6 Qb6 48. Nb4 Be6 49. Rd1 Qa5 50. Nc6 Qxa2 51. b4 Bd5 52. Ne7 Be4 53. Rd7 Qe6 54. Ra7 Qc4 55. f3 Bd3 56. Rd7 Qc2 57. Nd5 Kg8 58. Ne3 Qe2 59. Nd5 Kh8 60. Bh4 Bf5 61. Re7 Qc4 62. Nxf6 gxf6 63. Bxf6+ Kg8 64. Bxe5 Qxb4 65. Rg7+ Kf8 66. f4 Qd2 67. Rg3 Kf7 68. Rc3 Be4 69. Rc7+ Ke6 70. Rg7 b4 71. h4 b3 72. h5 Qe2 73. Rg3 Qxh5+ 74. Rh3 Qe2 75. Rg3 b2 0-1